000 00301nam a22001337a 4500
008 170911b xxu||||| |||| 00| 0 eng d
020 _a424621513686
041 _aeng
080 _a91
100 _a42
101 _aGEO
245 _aTHE ICONOGRAPHY OF LANDSCAPE
_cCOSGROVE.D
942 _2udc
_cBK
999 _c26957
_d26957